000 01203cam a2200277 i 4500
001 184252
003 ES-MaACL
005 20240510184608.0
008 150601s2010 sp |||| | spa d
020 _z978-84-8539-148-2
080 _a821.134.2-14"19"
100 1 _aTundidor, Jesús Hilario,
_d1935-
_9111674
245 1 0 _aUn único día /
_cJesús Hilario Tundidor ; prólogo de Natalia Carbajosa.
246 3 _aUn único día
_b: (poesía completa 1960-2008)
250 _a1ª ed.
260 _aMadrid :
_bCalambur,
_c2010.
300 _a2 v. ;
_c24 cm.
490 1 _aCalambur, poesía ;
_v108
505 8 _aContiene: v. 1 ;
_tBorracho en los propileos: poesía 1960-1978 (468 p.) - v. 2 ;
_tRepaso de un tiempo inmóvil: poesía 1980-2008 (443 p.)
830 0 _aCalambur poesía
_v108
_9182221
852 _aES-MaACL
_jA-13495
_9 191237
_dOlim: N-6495
_gDedicatoria autógrafa del autor
_hDonacion: Alejandro Sanz
_bR.150464
_cDEPO1
_pvol.1
852 _aES-MaACL
_jA-13496
_dOlim: N-6496
_gDedicatoria autógrafa del autor
_hDonacion: Alejandro Sanz
_bR.150464
_cDEPO1
_9200859
_pvol.2
903 _aSanz, Alejandro,
_d1967-
_ednr
_9103558
942 _2udc
999 _c184252
_d184252